MARC details
| 000 -CABECERA |
| campo de control de longitud fija |
02171nam a2200349 a 4500 |
| 001 - NÚMERO DE CONTROL |
| campo de control |
000002277 |
| 005 - FECHA Y HORA DE LA ÚLTIMA TRANSACCIÓN |
| campo de control |
20240520120737.0 |
| 008 - DATOS DE LONGITUD FIJA--INFORMACIÓN GENERAL |
| campo de control de longitud fija |
090701s2005 dr o000 0 spa d |
| 040 ## - FUENTE DE LA CATALOGACIÓN |
| Centro catalogador/agencia de origen |
DO-SdBNP |
| Lengua de catalogación |
spa |
| Centro/agencia transcriptor |
BNPHU |
| 082 ## - NÚMERO DE LA CLASIFICACIÓN DECIMAL DEWEY |
| Número de clasificación |
345.02687293 |
| Número de documento/Ítem |
A838d |
| 245 00 - MENCIÓN DE TÍTULO |
| Título |
Aspectos dogmáticos, criminológicos y procesales del lavado de activos / |
| Mención de responsabilidad, etc. |
Norma Bautista... [et al.] ; prólogo Jorge A. Subero Isa. |
| 260 ## - PUBLICACIÓN, DISTRIBUCIÓN, ETC. |
| Lugar de publicación, distribución, etc. |
Santo Domingo : |
| Nombre del editor, distribuidor, etc. |
Justicia y Gobernabilidad, |
| Fecha de publicación, distribución, etc. |
2005. |
| 300 ## - DESCRIPCIÓN FÍSICA |
| Extensión |
266 p. ; |
| Dimensiones |
30 cm. |
| 500 ## - NOTA GENERAL |
| Nota general |
Incluye índice. |
| 500 ## - NOTA GENERAL |
| Nota general |
Publicación conjunta de: Justicia y Gobernalidad, Escuela Nacional de la Judicatura y USAID. |
| 505 2# - NOTA DE CONTENIDO CON FORMATO |
| Nota de contenido con formato |
Módulo I. Lavado de activos. Generalidades / Olivo Rodríguez Huertas -- Módulo II. Marco internacional del lavado de activos / Olivo Rodríguez Huertas -- Módulo III. El lavado de activos en la legislación dominicana / Alejandro Moscoso Segarra -- Módulo IV. Problemas especiales de parte general en la interpretación del lavado de activos /Maximiliano Rusconi -- Módulo V. Aspectos procesales en el enjuiciamiento penal del lavado de activos / Norma Bautista ... [et al.] -- Módulo VI. Asistencia judicial internacional en el marco de la investigación y enjuiciamiento del lavado de activos / Olivo Rodríguez Huertas -- Módulo VII. La investigación financiera en casos de lavado de activos / Heiromy Castro Milanés. |
| 590 ## - NOTA LOCAL (RLIN) |
| Nota local |
Inventariado,2018/DG |
| 650 #4 - PUNTO DE ACCESO ADICIONAL DE MATERIA--TÉRMINO DE MATERIA |
| Término de materia o nombre geográfico como elemento de entrada |
Lavado de dinero |
| Subdivisión geográfica |
República Dominicana |
| 9 (RLIN) |
7252 |
| 650 #4 - PUNTO DE ACCESO ADICIONAL DE MATERIA--TÉRMINO DE MATERIA |
| Término de materia o nombre geográfico como elemento de entrada |
Lavado de dinero |
| Subdivisión general |
Prevención |
| 9 (RLIN) |
7253 |
| 650 #4 - PUNTO DE ACCESO ADICIONAL DE MATERIA--TÉRMINO DE MATERIA |
| Término de materia o nombre geográfico como elemento de entrada |
Moneda |
| Subdivisión general |
Legislación |
| 9 (RLIN) |
7254 |
| 650 #0 - PUNTO DE ACCESO ADICIONAL DE MATERIA--TÉRMINO DE MATERIA |
| Término de materia o nombre geográfico como elemento de entrada |
Cooperación internacional |
| 9 (RLIN) |
1240 |
| 700 1# - PUNTO DE ACCESO ADICIONAL--NOMBRE DE PERSONA |
| Nombre de persona |
Bautista, Norma |
| 9 (RLIN) |
7255 |
| 700 1# - PUNTO DE ACCESO ADICIONAL--NOMBRE DE PERSONA |
| Nombre de persona |
Castro Milanés, Heiromy |
| 9 (RLIN) |
7256 |
| 700 1# - PUNTO DE ACCESO ADICIONAL--NOMBRE DE PERSONA |
| Nombre de persona |
Rodríguez Huertas, Olivo |
| 9 (RLIN) |
7257 |
| 700 1# - PUNTO DE ACCESO ADICIONAL--NOMBRE DE PERSONA |
| Nombre de persona |
Moscoso Segarra, Alejandro A |
| Fechas asociadas al nombre |
1964- |
| 9 (RLIN) |
62241 |
| 700 1# - PUNTO DE ACCESO ADICIONAL--NOMBRE DE PERSONA |
| Nombre de persona |
Rusconi, Maximiliano |
| 9 (RLIN) |
7258 |
| 700 1# - PUNTO DE ACCESO ADICIONAL--NOMBRE DE PERSONA |
| Nombre de persona |
Subero Isa, Jorge A., |
| Fechas asociadas al nombre |
1947- |
| 9 (RLIN) |
76863 |
| 710 1# - PUNTO DE ACCESO ADICIONAL--NOMBRE DE ENTIDAD CORPORATIVA |
| Nombre de entidad corporativa o nombre de jurisdicción como elemento de entrada |
República Dominicana. |
| Unidad subordinada |
Justicia y Gobernalidad |
| 9 (RLIN) |
7260 |
| 710 1# - PUNTO DE ACCESO ADICIONAL--NOMBRE DE ENTIDAD CORPORATIVA |
| Nombre de entidad corporativa o nombre de jurisdicción como elemento de entrada |
República Dominicana. |
| Unidad subordinada |
Escuela Nacional de la Judicatura |
| 9 (RLIN) |
7261 |
| 710 1# - PUNTO DE ACCESO ADICIONAL--NOMBRE DE ENTIDAD CORPORATIVA |
| Nombre de entidad corporativa o nombre de jurisdicción como elemento de entrada |
United States. |
| Unidad subordinada |
Agency for International Development |
| 9 (RLIN) |
58056 |
| 910 ## - DATOS DE OPCIÓN DEL USUARIO (OCLC) |
| Datos de opción del usuario |
Jornada de catalogación |